Štúdium vplyvu prídavku zmesi zeolitu a síranu železnatého na obsah vodorozpustného Cr(VI) v portlandskom cemente

Gespeichert in:
Bibliographische Detailangaben
1. Verfasser: Peško, Martin (Verfasst von)
Format: Manuskript Buch
Sprache:Slowakisch
Veröffentlicht: Bratislava : STU v Bratislave FCHPT, 2003
Ausgabe:Obháj.: 3.6.2003
Tags: Tag hinzufügen
Keine Tags, Fügen Sie das erste Tag hinzu!

MARC

LEADER 00000ntm a22000003a 4500
001 stu81239
005 20150617225638.9
008 030626s2003----xo------------------slo-d
040 |a STU  |b slo 
041 0 |a slo 
044 |a xo 
100 1 |a Peško, Martin  |4 aut 
245 1 |a Štúdium vplyvu prídavku zmesi zeolitu a síranu železnatého na obsah vodorozpustného Cr(VI) v portlandskom cemente 
250 |a Obháj.: 3.6.2003 
260 |a Bratislava :  |b STU v Bratislave FCHPT,  |c 2003 
300 |a 46 s. Tab.,grafy,lit 
500 |a Odbor: Keramika, sklo a cement 
996 |b 284C030246  |c C*D13990  |l CCI  |s A  |a 24  |w stu81239_0001